Načítá se...

Annual scientific repaort of the virology division-mukteswar coampus for the year 1976

Podrobná bibliografie
Hlavní autor: ICAR
Jazyk:Undetermined
Vydáno: Indian Veterinary Researc Institute 1976
Izatanagar
LEADER 00670nam a2200217Ia 4500
008 141122s9999 xx 000 0 und d
040 |c . 
041 |a English 
082 |a 636.07889602 
082 |b ICA/AN 
100 |a  ICAR 
245 |a Annual scientific repaort of the virology division-mukteswar coampus for the year 1976 
245 |c  ICAR 
260 |b Indian Veterinary Researc Institute 
260 |b Izatanagar 
260 |c 1976 
300 |a 18 Pages 
500 |a Reference 
942 |c RE 
999 |c 9060  |d 9060 
952 |0 0  |1 0  |4 0  |6 636_078896019400000_ICAAN  |7 0  |9 9018  |a COVAS  |b COVAS  |d 0000-00-00  |o 636.0788960194 ICA/AN  |p R385   |r 2014-11-26  |w 2014-11-26  |y RE